Cien años de catalanismo : la Mancomunidad de Cataluña / Joaquín Samaruc la Mancomunidad de Cataluña / Joaquín Samaruc
Descripción Física:
333, [14] p., [3] f. de làm. ; 20 cm
MARC
| LEADER | 00000nam a2200000Ia 4500 | ||
|---|---|---|---|
| 001 | 2216 | ||
| 008 | 160829s1924 xx 000 0 cat d | ||
| 080 | |a H-1-180 | ||
| 100 | |a Samaruc, Joaquim |9 24043 | ||
| 245 | |a Cien años de catalanismo : |b la Mancomunidad de Cataluña / Joaquín Samaruc | ||
| 260 | |a Barcelona : |b Salvat, Duch y Ferré, |c 1924 | ||
| 300 | |a 333, [14] p., [3] f. de làm. ; |c 20 cm | ||
| 610 | 0 | |a Catalunya. |b Mancomunitat |x Història |9 19438 | |
| 650 | 0 | |a Nacionalisme |z Catalunya |9 11008 | |
| 901 | |a Arxiu | ||
| 942 | |n 1 | ||
| 952 | |0 0 |1 0 |4 0 |6 H1180 |7 1 |9 42949 |a Arxiu |b Arxiu |d 2016-12-01 |l 0 |o H-1-180 |p 2216 |r 2016-12-01 00:00:00 |w 2016-12-01 |y ARXIU | ||
| 999 | |c 45491 |d 45491 | ||